5 Oldest Continuous Settlements of Every Continent - Statistics

General Stats
  • This quiz has been taken 142 times
    47 since last reset
  • The average score is 7 of 30
Answer Stats
Country Answer Since % Correct
Greece Athens 4000 BC
95%
Syria Damascus ~8000 BC
83%
Lebanon Beirut 3000 BC
67%
Australia Sydney 1788
67%
Egypt Luxor 2100 BC
64%
Ecuador Quito 1180
57%
Peru Cuzco 1100
52%
Morocco Tangier 800 BC
33%
Afghanistan Kandahar 3000 BC
31%
Greece Thebes 3000 BC
31%
Egypt Aswan 650 BC
24%
Australia Newcastle 1805
24%
Australia Hobart 1803
21%
Australia Launceston 1806
10%
Brazil Sao Vicente 1532
7%
Greece Argos 5000 BC
5%
Greece Chania 1500 BC
5%
Mexico Cholula 200 BC
5%
Pakistan Multan 3000 BC
5%
United States Tucson 1300
5%
United Staes Acoma Pueblo 1144
2%
Venezuela Cumana 1515
2%
Australia George Town 1804
2%
Iran Ray 6000 BC
2%
Colombia Santa Marta 1525
2%
Egypt Faiyum 2150 BC
0%
Greece Nafpilo 1400 BC
0%
Guatemala Nojpeten 600 BC
0%
United States Oraibi 1140
0%
Somalia Zeila 700 BC
0%
No matching quizzes found
Score Distribution
Percent of People with Each Score
Percentile by Number Answered
Your Score History
You have not taken this quiz since the last reset